Cirkevné dejiny učebnica pre stredné školy

Bibliographic Details
Main Author: Petráš, Lukáš, 1894-1966 (Author)
Format: Book
Language:Slovak
PhysicalDescription:192 s. 23 cm
Published: Trnava Spolok sv. Vojtecha 1941
Edition:III. opravené vydanie
Subjects:

MARC

LEADER 00000cam a2200000 a 4500
001 vtls008390231
003 SK-MaSNL
005 20260301093313.0
008 250313s1941 xo j 000 0 slo
015 |a SNBA19391941-001130 
035 |a SK01SNKBKSD120020082448 
035 |a urn:nbn:sk:snk-am3hw9d 
035 |a 03923258-4F51-4EB9-97FB-906962878E1C 
035 |a urn:nbn:sk:snk-am00db8c 
035 |a SKM000084911 
040 |a SNK  |b slo  |c SNK  |e AACR2 
041 0 |a slo 
044 |a xo  |c SK 
080 |a 27(075)  |2 1981 
080 |a 373(075)  |2 1981 
100 1 |a Petráš, Lukáš,  |d 1894-1966  |4 aut  |9 48558 
245 1 0 |a Cirkevné dejiny  |b učebnica pre stredné školy  |c Lukáš Petráš 
250 |a III. opravené vydanie 
260 |a Trnava  |b Spolok sv. Vojtecha  |c 1941  |e Trnava  |f Spolok Sv. Vojtecha 
300 |a 192 s.  |c 23 cm 
504 |a Bibliografické odkazy 
650 0 7 |a cirkevné dejiny  |2 SNKPH  |9 3909 
655 7 |a učebnice stredných škôl  |2 SNKPH  |9 69323 
852 |a Slovenská národná knižnica 
958 |a OND 
958 |a RK 
958 |a TL 
958 |a NB 
999 |c 676608  |d 678538 
952 |a SNK  |b SNK  |y PREZ  |7 0  |p 17A0745472  |o snkSC 3861  |i snk1776/48  |0 0  |1 0  |4 0  |d 2011-12-02  |f 1  |l 0  |r 2025-06-25 00:00:00  |w 2026-02-23 
952 |a SNK  |b SNK  |y VYP  |7 0  |p 17A0626450  |o snkSC 3861 D1  |i snkI. 557/49  |0 0  |1 0  |4 0  |d 2009-10-02  |l 0  |r 2026-02-23 19:44:26  |w 2026-02-23